| 000 | 00445nam a22001697a 4500 | ||
|---|---|---|---|
| 999 |
_c160457 _d160457 |
||
| 005 | 20190130144532.0 | ||
| 010 | _aB-160109 | ||
| 020 |
_a812301158 _c90.00 |
||
| 035 | _aB-160109 | ||
| 037 | _bPublication Division | ||
| 082 | _a954 | ||
| 100 | _aSahai, Baldeo | ||
| 245 |
_aIndian Heritage / _cBaldeo Sahai |
||
| 260 |
_aNew Delhi _bPublication Division _c2005 |
||
| 300 |
_a93p. _c22cm(hbk) |
||
| 942 |
_2ddc _cEN _h954 _mSAH |
||